<?xml version="1.0" encoding="UTF-8"?>
<record
    xmlns:xsi="http://www.w3.org/2001/XMLSchema-instance"
    xsi:schemaLocation="http://www.loc.gov/MARC21/slim http://www.loc.gov/standards/marcxml/schema/MARC21slim.xsd"
    xmlns="http://www.loc.gov/MARC21/slim">

  <leader>01471nam2a2200253   4500</leader>
  <controlfield tag="001">rc\2974991</controlfield>
  <controlfield tag="005">20260315061845.0</controlfield>
  <datafield tag="035" ind1=" " ind2=" ">
    <subfield code="a">(NLR Aleph) 007120736</subfield>
  </datafield>
  <datafield tag="090" ind1=" " ind2=" ">
    <subfield code="a">13608510</subfield>
    <subfield code="c">13608510</subfield>
  </datafield>
  <datafield tag="100" ind1=" " ind2=" ">
    <subfield code="a">20110908d1937    u  y0rusy50      ca</subfield>
  </datafield>
  <datafield tag="101" ind1="0" ind2=" ">
    <subfield code="a">rus</subfield>
  </datafield>
  <datafield tag="102" ind1=" " ind2=" ">
    <subfield code="a">RU</subfield>
  </datafield>
  <datafield tag="105" ind1=" " ind2=" ">
    <subfield code="a">y   z   |||||</subfield>
  </datafield>
  <datafield tag="200" ind1="1" ind2=" ">
    <subfield code="a">&#x88;...&#x89; &#x43F;&#x43E; &#x44D;&#x43C;&#x431;&#x440;&#x438;&#x43E;&#x43B;&#x43E;&#x433;&#x438;&#x438; &#x438; &#x433;&#x438;&#x441;&#x442;&#x43E;&#x43B;&#x43E;&#x433;&#x438;&#x438; &#x436;&#x438;&#x432;&#x43E;&#x442;&#x43D;&#x44B;&#x445;</subfield>
    <subfield code="e">&#x414;&#x43B;&#x44F; &#x444;&#x430;&#x43A;-&#x442;&#x43E;&#x432; &#x435;&#x441;&#x442;&#x435;&#x441;&#x432;&#x43E;&#x437;&#x43D;&#x430;&#x43D;&#x438;&#x44F; &#x43F;&#x435;&#x434;&#x438;&#x43D;-&#x442;&#x43E;&#x432;</subfield>
  </datafield>
  <datafield tag="210" ind1=" " ind2=" ">
    <subfield code="d">1937</subfield>
  </datafield>
  <datafield tag="215" ind1=" " ind2=" ">
    <subfield code="a">8 &#x441;.</subfield>
  </datafield>
  <datafield tag="300" ind1=" " ind2=" ">
    <subfield code="a">&#x41D;&#x430; &#x43E;&#x431;&#x43E;&#x440;&#x43E;&#x442;&#x435; &#x442;&#x438;&#x442;. &#x43B;.: "&#x410;&#x432;&#x442;&#x43E;&#x440; - &#x434;&#x43E;&#x446;. &#x41A;.&#x412;. &#x41C;&#x430;&#x433;&#x440;&#x436;&#x43A;&#x43E;&#x432;&#x441;&#x43A;&#x430;&#x44F;"</subfield>
  </datafield>
  <datafield tag="461" ind1=" " ind2="0">
    <subfield code="1">001rc\2974981</subfield>
    <subfield code="1">2001#$a&#x88;[&#x89;&#x41C;&#x435;&#x442;&#x43E;&#x434;&#x438;&#x447;&#x435;&#x441;&#x43A;&#x438;&#x435; &#x443;&#x43A;&#x430;&#x437;&#x430;&#x43D;&#x438;&#x44F; &#x434;&#x43B;&#x44F; &#x437;&#x430;&#x43E;&#x447;&#x43D;&#x438;&#x43A;&#x43E;&#x432; &#x43A; &#x43F;&#x440;&#x43E;&#x433;&#x440;&#x430;&#x43C;&#x43C;&#x435;]$f&#x423;&#x43F;&#x440;. &#x43F;&#x43E;&#x434;&#x433;&#x43E;&#x442;&#x43E;&#x432;&#x43A;&#x438; &#x443;&#x447;&#x438;&#x442;&#x435;&#x43B;&#x435;&#x439; &#x41D;&#x41A;&#x41F; &#x420;&#x421;&#x424;&#x421;&#x420;. &#x41D;&#x430;&#x443;&#x447;.-&#x43C;&#x435;&#x442;&#x43E;&#x434;. &#x43A;&#x430;&#x431;&#x438;&#x43D;&#x435;&#x442; &#x43F;&#x43E; &#x437;&#x430;&#x43E;&#x447;. &#x43E;&#x431;&#x443;&#x447;.$v&#x412;&#x44B;&#x43F;. 29</subfield>
    <subfield code="9">6860052</subfield>
    <subfield code="a">&#x41D;&#x430;&#x443;&#x447;&#x43D;&#x43E;-&#x43C;&#x435;&#x442;&#x43E;&#x434;&#x438;&#x447;&#x435;&#x441;&#x43A;&#x438;&#x439; &#x43A;&#x430;&#x431;&#x438;&#x43D;&#x435;&#x442; &#x43F;&#x43E; &#x437;&#x430;&#x43E;&#x447;&#x43D;&#x43E;&#x43C;&#x443; &#x43E;&#x431;&#x443;&#x447;&#x435;&#x43D;&#x438;&#x44E; &#x443;&#x447;&#x438;&#x442;&#x435;&#x43B;&#x435;&#x439; (&#x41C;&#x43E;&#x441;&#x43A;&#x432;&#x430;)</subfield>
    <subfield code="c">[&#x41C;&#x43E;&#x441;&#x43A;&#x432;&#x430;]</subfield>
    <subfield code="d">1937</subfield>
    <subfield code="f">&#x423;&#x43F;&#x440;. &#x43F;&#x43E;&#x434;&#x433;&#x43E;&#x442;&#x43E;&#x432;&#x43A;&#x438; &#x443;&#x447;&#x438;&#x442;&#x435;&#x43B;&#x435;&#x439; &#x41D;&#x41A;&#x41F; &#x420;&#x421;&#x424;&#x421;&#x420;. &#x41D;&#x430;&#x443;&#x447;.-&#x43C;&#x435;&#x442;&#x43E;&#x434;. &#x43A;&#x430;&#x431;&#x438;&#x43D;&#x435;&#x442; &#x43F;&#x43E; &#x437;&#x430;&#x43E;&#x447;. &#x43E;&#x431;&#x443;&#x447;.</subfield>
    <subfield code="n">&#x41D;&#x430;&#x440;&#x43A;&#x43E;&#x43C;&#x43F;&#x440;&#x43E;&#x441; &#x420;&#x421;&#x424;&#x421;&#x420;</subfield>
    <subfield code="t">&#x88;[&#x89;&#x41C;&#x435;&#x442;&#x43E;&#x434;&#x438;&#x447;&#x435;&#x441;&#x43A;&#x438;&#x435; &#x443;&#x43A;&#x430;&#x437;&#x430;&#x43D;&#x438;&#x44F; &#x434;&#x43B;&#x44F; &#x437;&#x430;&#x43E;&#x447;&#x43D;&#x438;&#x43A;&#x43E;&#x432; &#x43A; &#x43F;&#x440;&#x43E;&#x433;&#x440;&#x430;&#x43C;&#x43C;&#x435;]</subfield>
    <subfield code="v">&#x412;&#x44B;&#x43F;. 29</subfield>
  </datafield>
  <datafield tag="701" ind1=" " ind2="1">
    <subfield code="a">&#x41C;&#x430;&#x433;&#x440;&#x436;&#x43A;&#x43E;&#x432;&#x441;&#x43A;&#x430;&#x44F;</subfield>
    <subfield code="b">&#x41A;.&#x412;.</subfield>
  </datafield>
  <datafield tag="801" ind1=" " ind2="0">
    <subfield code="a">RU</subfield>
    <subfield code="b">NLR</subfield>
    <subfield code="g">psbo</subfield>
  </datafield>
  <datafield tag="801" ind1=" " ind2="1">
    <subfield code="a">RU</subfield>
    <subfield code="b">ELAR</subfield>
    <subfield code="2">rusmarc</subfield>
  </datafield>
  <datafield tag="852" ind1=" " ind2=" ">
    <subfield code="a">NLR</subfield>
    <subfield code="j">36-17/7(29)</subfield>
  </datafield>
  <datafield tag="942" ind1=" " ind2=" ">
    <subfield code="c">UNSPEC</subfield>
  </datafield>
  <datafield tag="980" ind1=" " ind2=" ">
    <subfield code="a">NB</subfield>
  </datafield>
</record>
